| 000 | 01059cam a2200349 a 4500 | ||
|---|---|---|---|
| 001 | 22428 | ||
| 003 | SK-KTurca | ||
| 005 | 20260328110401.0 | ||
| 008 | 240226s2004 xo gr 000 f slo | ||
| 015 | _aSNBA2004/11-06268 | ||
| 020 | _a8055107165 | ||
| 035 | _aSNK000436465 | ||
| 035 | _aurn:nbn:sk:snk-am3j34d | ||
| 035 | _a6D025AAD-DED2-4AC5-A354-DD34A95557A1 | ||
| 035 | _aurn:nbn:sk:snk-am00gl6p | ||
| 040 |
_aSNK _bslo _cSNK _eAACR2 |
||
| 041 | 1 |
_aslo _heng |
|
| 044 |
_axo _cSK |
||
| 072 | 7 |
_a821.111(73)-3 _xAmerická próza _2konspekt |
|
| 080 |
_a821.111(73)-31 _22011 |
||
| 080 |
_a(0:82-312.5) _22011 |
||
| 100 | 1 |
_aQuick, Amanda, _d1948- _4aut |
|
| 240 | 1 | 0 |
_aDeception _lSlovensky |
| 245 | 1 | 0 |
_aLekcie vášne _cAmanda Quicková ; [z anglického originálu preložila Anna Ilčíková] |
| 250 | _a[1. vyd.] | ||
| 260 |
_aBratislava _bIkar _c2004 |
||
| 300 |
_a327 strán _c21 cm |
||
| 655 | 7 |
_aamerické romány _2SNKPH |
|
| 655 | 7 |
_aľúbostné romány _2SNKPH |
|
| 700 | 1 |
_aIlčíková, Anna, _d1952- _4trl |
|
| 942 |
_2ddc _cKLDO _n0 |
||
| 999 |
_c22428 _d22428 |
||